| 000 | 00000nas##2200000za#4500 |
| 001 | 9.508741 |
| 003 | CaOODSP |
| 005 | 20210615082455 |
| 007 | ta |
| 008 | 150406c1991||||xxc|| p #||||f| |0fre|d |
| 022 | |a0705-9485 |
| 040 | |aCaOODSP|bfre |
| 041 | |aeng |
| 041 | |afre |
| 043 | |an-cn--- |
| 086 | 1 |aSP2-11 |
| 110 | 1 |aCanada. |bImprimeur de la Reine. |
| 245 | 10|aGazette du Canada. Partie III, Lois du Canada |
| 260 | |aOttawa - Ontario : |bImprimeur de la Reine |
| 310 | |aIrrégulier |
| 520 | 3 |aPubliée aussitôt que possible après la sanction royale, cette partie comprend les plus récentes lois d'intérêt public du Parlement et les proclamations énonçant leur entrée en vigueur. |
| 563 | |aCouverture souple |
| 776 | 0#|tCanada gazette. |w(CaOODSP)9.500169 |
| 791 | |tCanada gazette. Part III, Statutes of Canada |eeng|w(CaOODSP)9.508740 |